logo

Bir Sreshtho Munshi Abdur Rouf Library
Jhenaidah Cadet College

সম্রাট জোনস : (Record no. 3042)

MARC details
000 -LEADER
fixed length control field 00651nam a2200205 a 4500
001 - CONTROL NUMBER
JCCL Control Number 3042
003 - CONTROL NUMBER IDENTIFIER
JCCL marc code BD-JhCC
005 - DATE AND TIME OF LATEST TRANSACTION
control field 20171109172730.0
008 - FIXED-LENGTH DATA ELEMENTS--GENERAL INFORMATION
fixed length control field 171109s1371 bg |||| |||| 000 0 ben d
035 ## - SYSTEM CONTROL NUMBER
system control number (BD-JhCC) 3042
040 ## - CATALOGING SOURCE
Original cataloging agency BD-JhCC
Modifying agency BD-JhCC
041 ## - LANGUAGE CODE
Language code of Book ben
082 ## - DEWEY DECIMAL CLASSIFICATION NUMBER
Classification number 891.442
Author mark and Year SHA 1371
245 ## - TITLE STATEMENT
Title সম্রাট জোনস :
Remainder of title ইউজিন ও নীল /
Statement of responsibility, etc চৌধুরী, কবির
260 ## - PUBLICATION, DISTRIBUTION, ETC. (IMPRINT)
Place of publication, distribution, etc ঢাকা :
Name of publisher, distributor, etc বাঙলা একাডেমী,
Date of publication, distribution, etc ১৩৭১.
300 ## - PHYSICAL DESCRIPTION
Pagination ৪৭ পৃ. :
Dimensions ২১ সেমি.
650 ## - SUBJECT ADDED ENTRY--TOPICAL TERM
Topical term or geographic name as entry element Bengali drama
700 ## - ADDED ENTRY--PERSONAL NAME
Personal name কবির চৌধুরী
942 ## - ADDED ENTRY ELEMENTS (KOHA)
Source of classification or shelving scheme Dewey Decimal Classification
Koha item type Books
Holdings
Source of classification or shelving scheme Damaged status Not for loan Home library Current library Shelving location Date of accession Cost, normal purchase price Total Checkouts Full call number Barcode Date last seen Copy number Koha item type
Dewey Decimal Classification     JCC Rouf Library JCC Rouf Library General Stacks 11/09/2017 1.75   891.442 SHA 1371 4985 11/09/2017 C-1 Books
Dewey Decimal Classification     JCC Rouf Library JCC Rouf Library General Stacks 11/09/2017 1.75   891.442 SHA 1371 4981 11/09/2017 C-2 Books

JCC Library | Contacts | JCC Home

Last Update on 23 September 2017
Copyright @ 2017-2020 JCC Rouf Library
Rouf Library, Jhenidah Cadet College (JCC), Bangladesh